| 000 | 00501nam a22001817a 4500 | ||
|---|---|---|---|
| 008 | 230504b |||||||| |||| 00| 0 eng d | ||
| 020 | _a0-07-113415-8 | ||
| 040 |
_aNational Science Library _cNational Science Library |
||
| 080 |
_a681.7.014.3 _bN6 |
||
| 100 |
_aAwcock, G J _98281 |
||
| 245 | _aApplied image processing | ||
| 260 |
_aNew York: _bMcGraw-Hill, Inc., _c1996 |
||
| 300 | _axvi, 300p. | ||
| 650 | _aInustries | ||
| 653 | _aTopology | ||
| 700 | _aThomas, R | ||
| 942 |
_2udc _cREF |
||
| 999 |
_c26963 _d26963 |
||